All University Subjects - Statistics

General Stats
  • This quiz has been taken 182 times
  • The average score is 23 of 54
Answer Stats
Hint Answer % Correct
Life Sciences & Medicine Biological Sciences
90%
Natural Sciences Physics & Astronomy
85%
Arts & Humanities Art & Design
84%
{Arts} & Humanities
84%
Natural Sciences Chemistry
81%
Life Sciences & Medicine Psychology
73%
Arts & Humanities History
72%
Engineering and Technology M{echanical} Engineering
70%
Engineering and Technology {Computer} Science and {Information} {Systems}
67%
Arts & Humanities English Language and Literature
65%
Engineering and Technology E{lectrical} and E{lectronic} Engineering
63%
Life Sciences & {Medicine}
61%
Natural Sciences Mathematics
61%
Life Sciences & Medicine Medicine
61%
Social Sciences & Management Sociology
59%
Natural Sciences Geography
58%
Engineering and Technology C{hemical} Engineering
56%
Engineering and Technology C{ivil} and S{tructural} Engineering
56%
Natural Sciences E{arth} and M{arine} Sciences
56%
Social Sciences & Management B{usiness} & M{anagement} Studies
55%
Social Sciences & {Management}
55%
Social Sciences & Management E{conomics} and E{conometrics}
54%
Social Sciences & Management Politics
53%
Natural Sciences E{nvironmental} Sciences
52%
Arts & Humanities Philosophy
50%
Social Sciences & Management Law and Legal Studies
45%
Arts & Humanities Modern Languages
45%
Natural Sciences Geology
42%
Life Sciences & Medicine V{eterinary} Science
40%
Social Sciences & Management A{ccounting} and F{inance}
39%
Arts & Humanities P{erforming} Arts
39%
Social Sciences & Management C{ommunication} and M{edia} Studies
36%
Arts & Humanities Architecture & Built Environment
34%
Life Sciences & Medicine Nursing
33%
Social Sciences & Management Anthropology
32%
Social Sciences & Management E{ducation} and T{raining}
30%
Social Sciences & Management S{ports}-Related Subjects
27%
Life Sciences & Medicine A{natomy} & P{hysiology}
26%
Arts & Humanities Linguistics
25%
Arts & Humanities C{lassics} & A{ncient} H{istory}
24%
Life Sciences & Medicine P{harmacy} & P{harmacology}
24%
Arts & Humanities Theology, Divinity & Religious Studies
24%
Natural Sciences M{aterials} Sciences
22%
Life Sciences & Medicine A{griculture} & F{orestry}
21%
Social Sciences & Management S{tatistics} and O{perational} R{esearch}
20%
Social Sciences & Management H{ospitality} & L{eisure} {Management}
17%
Arts & Humanities Archaeology
16%
Life Sciences & Medicine Dentistry
16%
Social Sciences & Management Social P{olicy} & A{dministration}
14%
Engineering and Technology P{etroleum} Engineering
11%
Engineering and Technology M{ineral} and M{ining} Engineering
10%
Social Sciences & Management D{evelopment} Studies
4%
Social Sciences & Management L{ibrary} & I{nformation} {Management}
4%
Natural Sciences Geophysics
2%
No matching quizzes found
Score Distribution
Percent of People with Each Score
Percentile by Number Answered
Your Score History
You have not taken this quiz